BIBLIOTECA PODER JUDICIAL
Portal Judicial TDF

Consideraciones particulares sobre la carga dinámica de la prueba en el proceso de daños / (Registro nro. 6362)

000 -LEADER
fixed length control field 01425nab a22002657a 4500
003 - CONTROL NUMBER IDENTIFIER
control field OSt
005 - DATE AND TIME OF LATEST TRANSACTION
control field 20260131202235.0
008 - FIXED-LENGTH DATA ELEMENTS--GENERAL INFORMATION
fixed length control field 190603e xxum|||| |||| 00| 0 spa d
040 ## - CATALOGING SOURCE
Transcribing agency PJ
100 ## - MAIN ENTRY--PERSONAL NAME
9 (RLIN) 7013
Personal name Paniagua, Juan Manuel
245 10 - TITLE STATEMENT
Title Consideraciones particulares sobre la carga dinámica de la prueba en el proceso de daños /
Statement of responsibility, etc Juan Manuel Paniagua.
260 ## - PUBLICATION, DISTRIBUTION, ETC. (IMPRINT)
Date of publication, distribution, etc Ciudad Autónoma de Buenos Aires :
Place of publication, distribution, etc Thomson Reuters La Ley,
Name of publisher, distributor, etc 2025.
300 ## - PHYSICAL DESCRIPTION
Extent p. 171-178
500 ## - GENERAL NOTE
General note Cita: TR LALEY AR/DOC/2803/2025 <br/>Publicado en: RCCyC 2025 (Diciembre).
505 ## - FORMATTED CONTENTS NOTE
Formatted contents note Sumario: I. Introducción.— II. Consideraciones preliminares.— III. La regla sobre carga de la prueba en el Cód. Proc. Civ. y Com.— IV. La regla en el Cód. Civ. y Com. en relación con la prueba de los factores de atribución.— V. La operatividad de la distribución dinámica.— VI. La circunscripción del art. 1735 del Cód. Civ. y Com.— VII. Conclusiones.
505 ## - FORMATTED CONTENTS NOTE
Title ¿Te interesa el texto completo? Solicitalo al correo: koha@justierradelfuego.gov.ar
650 #0 - SUBJECT ADDED ENTRY--TOPICAL TERM
9 (RLIN) 1467
Topical term or geographic name as entry element RESPONSABILIDAD CIVIL
650 #0 - SUBJECT ADDED ENTRY--TOPICAL TERM
9 (RLIN) 1975
Topical term or geographic name as entry element PRUEBA
650 #0 - SUBJECT ADDED ENTRY--TOPICAL TERM
9 (RLIN) 1084
Topical term or geographic name as entry element CULPA
650 #0 - SUBJECT ADDED ENTRY--TOPICAL TERM
Topical term or geographic name as entry element DAÑO
9 (RLIN) 3331
650 #0 - SUBJECT ADDED ENTRY--TOPICAL TERM
Topical term or geographic name as entry element DEFENSA EN JUICIO
9 (RLIN) 586
650 #0 - SUBJECT ADDED ENTRY--TOPICAL TERM
Topical term or geographic name as entry element CARGA DE LA PRUEBA
9 (RLIN) 3927
773 0# - HOST ITEM ENTRY
Host Biblionumber 2713
Host Itemnumber 3170
Place, publisher, and date of publication Ciudad Autónoma de Buenos Aires : Thomson Reuters La Ley, 2015-
Title Revista Código Civil y Comercial. Nº 6 - Diciembre 2025
942 ## - ADDED ENTRY ELEMENTS (KOHA)
Source of classification or shelving scheme
Koha item type Analítica Artículo de Revista

No hay ítems disponibles.

12 de Octubre 789 Ushuaia - Tel:  54(02901)441571
Horario de Atención: 8.00 a 17.00 hs. 
bibliotecaush@justierradelfuego.gov.ar
koha@justierradelfuego.gov.ar
Seguinos en nuestras redes @bibliojustdf 

Con tecnología Koha